<?xml version="1.0" encoding="UTF-8"?>
<collection xmlns="http://www.loc.gov/MARC21/slim">
 <record>
  <leader>00717pamaa2200157   4500</leader>
  <controlfield tag="001">0000038364</controlfield>
  <controlfield tag="005">20080227090000.0</controlfield>
  <datafield tag="020" ind1="0" ind2="0">
   <subfield code="a">974922714X (pbk) </subfield>
  </datafield>
  <datafield tag="082" ind1=" " ind2=" ">
   <subfield code="a">808.51 HOB</subfield>
  </datafield>
  <datafield tag="090" ind1="0" ind2="0">
   <subfield code="a">PN4121 </subfield>
   <subfield code="b">HOB 2004</subfield>
  </datafield>
  <datafield tag="100" ind1="1" ind2="0">
   <subfield code="a">HO </subfield>
  </datafield>
  <datafield tag="245" ind1="1" ind2="0">
   <subfield code="a">Essentials of public speaking  </subfield>
   <subfield code="c">B.L. Ho.</subfield>
  </datafield>
  <datafield tag="260" ind1="0" ind2="0">
   <subfield code="a">Bangkok: </subfield>
   <subfield code="b">St. Theresa INTI College, </subfield>
   <subfield code="c">2004.</subfield>
  </datafield>
  <datafield tag="300" ind1=" " ind2=" ">
   <subfield code="a">140p.: </subfield>
   <subfield code="b">col ill.; </subfield>
   <subfield code="c">30 cm.</subfield>
  </datafield>
  <datafield tag="500" ind1="0" ind2="0">
   <subfield code="a">Essentials of Public Speaking combines discussion of communication theory with practical exercises... for getting our ideas across with real purpose and impact.  Some of the special features of this book are its planning and delivery tools, methods of persuasion and guidelines for speaking on special ocassions</subfield>
  </datafield>
  <datafield tag="650" ind1="0" ind2="0">
   <subfield code="a">Public speaking </subfield>
  </datafield>
 </record>
</collection>
